000 00817nam a2200265Ia 4500
003 OSt
005 20220923214809.0
006 a|||||r|||| 00| 0
007 ta
008 220922b |||||||| |||| 00| 0 hin d
020 _c12.5
024 _a172,985
037 _cTextual
040 _aARTS
_cARTS
_bhin
041 _2hin
_ahin
082 _aO152,3N07x, L3
100 _aवर्मा, महादेवी
_9156279
245 0 _aस्मृति चित्र
246 _aSmṛuti chitra
260 _aदिल्ली
_b राजकमल प्रकाशन
_c1973
300 _a137 पृ.
_ccm.
650 _aहिन्दी साहित्य
_9156264
942 _hO152,3N07x, L3
_cTEXL
_2CC
999 _c326892
_d326892